00620nam a2200193Ia 4500003000400000005001700004008004100021020001800062041000800080082002200088100002500110245003900135260003300174300002000207500002800227942001200255999001900267952014000286OSt20260106125354.0251219s9999 xx 000 0 und d a9789387696822 amar a158.1bTEJ DB3243 aTejparkhi S 9215965 aHasat Hasat Khar Jivan Kas Jagav?  bWow Publication / Punec2010 a104bPaper Back aPersonality Development 2ddccDB c369497d369497 00102ddc4070aHIMRbHIMRd2025-12-11g125.00l0o158.1 TEJ DB3243pHIMR-DB-3243r2025-12-23 13:15:00v125.00w2025-12-23yDBzDB3243